| 000 | 006210000a22002170004500 | ||
|---|---|---|---|
| 090 |
_aAR _b01492 |
||
| 245 | 1 | 0 | _aPapilionoidea (<Lepidoptera>) |
| 650 | 1 | 4 |
_aMariposas _993025 |
| 650 | 1 | 4 |
_aSistemática animal _992968 |
| 650 | 1 | 4 |
_aEcología _992250 |
| 650 | 1 | 4 |
_aBiogeografía _992747 |
| 651 | 4 |
_pMéxico _992749 |
|
| 653 | _fPapilionoidea | ||
| 041 | 0 | _aInglés | |
| 700 | 1 |
_aMartínez, Armando Luis _971526 |
|
| 700 | 1 |
_aVargas Fernández, Isabel _912043 |
|
| 700 | 1 |
_aSoberón Mainero, Jorge _993923 |
|
| 100 | 1 |
_aLlorente Bousquets, Jorge E. _912040 |
|
| 942 | _cARTICULO | ||
| 773 | 1 |
_tPreprint _33 _q531-548 _d1996 |
|
| 999 |
_c10575 _d10575 |
||